[Event "Ä11Ï"]
[Site "Loo"]
[Date "2017.04.23"]
[Round "4.14"]
[White "Áîäðûõ, Ìàéÿ."]
[Black "Ãëóøêîâà, Ìèëàíà."]
[Result "0-1"]
[WhiteElo "1132"]
[BlackElo "1231"]
[PlyCount "52"]
[EventDate "2017.04.20"]

1. e4 c5 2. Nc3 Nc6 3. g3 g6 4. Bg2 Bg7 5. Nge2 e6 6. d3 Nge7 7. Be3 b6 8. O-O
O-O 9. f4 Rb8 10. d4 d6 11. dxc5 dxc5 12. Qxd8 Rxd8 13. Rad1 Nd4 14. Nxd4 cxd4
15. Ne2 Ba6 16. Rde1 dxe3 17. c3 Rd2 18. Bf3 Rxb2 19. a4 Bxe2 20. Bxe2 Bxc3 21.
Rc1 Rxe2 22. Rxc3 Rd8 23. Rc7 Rdd2 24. h4 Rg2+ 25. Kh1 Rh2+ 26. Kg1 Rdg2# 0-1

[Event "Ä11Ï"]
[Site "Loo"]
[Date "2017.04.23"]
[Round "4.15"]
[White "Áàê÷åíêî, Àíàñòàñèÿ."]
[Black "×èñòÿêîâà, Âåðîíèêà."]
[Result "1-0"]
[WhiteElo "1221"]
[BlackElo "1116"]
[PlyCount "61"]
[EventDate "2017.04.20"]

1. d4 d5 2. Bf4 Bf5 3. e3 e6 4. Nf3 Nf6 5. c4 c6 6. Nc3 Nbd7 7. Be2 Be7 8. O-O
O-O 9. a3 h6 10. b4 a6 11. Qb3 b5 12. cxb5 cxb5 13. a4 bxa4 14. Rxa4 a5 15. b5
Qb6 16. Nb1 Bg4 17. Nbd2 Bb4 18. Bd3 Bxf3 19. Nxf3 Ne4 20. Rc1 Rfc8 21. Rc2
Rxc2 22. Qxc2 Nc3 23. Ra1 Nxb5 24. Qa4 Rb8 25. Bxb8 Nxb8 26. Qxb5 Qxb5 27. Bxb5
Kf8 28. Ne5 f6 29. Nc6 Nxc6 30. Bxc6 Ke7 31. Rc1 1-0

[Event "Ä11Ï"]
[Site "Loo"]
[Date "2017.04.23"]
[Round "4.16"]
[White "Ïîíîìàðåâà, Âàðâàðà."]
[Black "Êóäðÿâöåâà, Ìàðèÿ."]
[Result "1-0"]
[WhiteElo "1118"]
[BlackElo "1216"]
[PlyCount "89"]
[EventDate "2017.04.20"]

1. e4 c5 2. Nf3 Nc6 3. Nc3 g6 4. Bc4 Bg7 5. d3 e6 6. Be3 b6 7. d4 cxd4 8. Nxd4
Bb7 9. Qd3 Nge7 10. O-O-O d5 11. exd5 exd5 12. Bb5 Rc8 13. Nxc6 Nxc6 14. Qxd5
O-O 15. Qxd8 Rfxd8 16. Rxd8+ Rxd8 17. Rd1 Rxd1+ 18. Kxd1 Nd8 19. g3 Bf3+ 20.
Be2 Bxe2+ 21. Kxe2 f5 22. Bf4 Nc6 23. a3 Kf7 24. Kd3 Ke6 25. Be3 Ne7 26. b3
Bxc3 27. Kxc3 Nd5+ 28. Kd3 Nxe3 29. Kxe3 Ke5 30. c4 Kd6 31. Kd4 Kc6 32. b4 a5
33. bxa5 bxa5 34. c5 Kb7 35. Kd5 Kc7 36. a4 Kc8 37. Kd6 h5 38. f4 Kd8 39. c6
Kc8 40. c7 Kb7 41. Kd7 Kb6 42. c8=Q h4 43. Qc7+ Ka6 44. Kc6 g5 45. Qb6# 1-0

[Event "Ä11Ï"]
[Site "Loo"]
[Date "2017.04.23"]
[Round "4.17"]
[White "Íîâèêîâà, Äàðüÿ."]
[Black "Òåëåëþõèíà, Åëèçàâåòà."]
[Result "0-1"]
[WhiteElo "1117"]
[BlackElo "1214"]
[PlyCount "82"]
[EventDate "2017.04.20"]

1. e4 c5 2. Nf3 a6 3. d4 cxd4 4. Nxd4 Nf6 5. Nc3 e5 6. Nf3 Bb4 7. Bd2 d6 8. Bd3
Nbd7 9. h3 O-O 10. Qe2 Bxc3 11. Bxc3 Nc5 12. g4 Na4 13. Qd2 Qc7 14. a3 Nxc3 15.
Qxc3 Qxc3+ 16. bxc3 h6 17. c4 Be6 18. c5 dxc5 19. Nxe5 Rac8 20. Rb1 b5 21. a4
c4 22. Be2 bxa4 23. Ra1 Nxe4 24. Rxa4 Nc3 25. Rxa6 Nxe2 26. Kxe2 c3 27. f4 Rfe8
28. Kf2 Red8 29. Ke3 Rd2 30. Nc6 Kf8 31. Nd4 Bd5 32. Rg1 Re8+ 33. Ne6+ Rxe6+
34. Rxe6 Bxe6 35. Rc1 Rh2 36. Kd4 Rxh3 37. f5 Bd7 38. Ra1 Rg3 39. Ra8+ Ke7 40.
Rg8 Rxg4+ 41. Kxc3 Bxf5 0-1

[Event "Ä11Ï"]
[Site "Loo"]
[Date "2017.04.23"]
[Round "4.18"]
[White "Ìèõàéëîâà, Åêàòåðèíà."]
[Black "Ïåòðîâà, Âàðâàðà."]
[Result "1-0"]
[WhiteElo "1053"]
[BlackElo "1210"]
[PlyCount "63"]
[EventDate "2017.04.20"]

1. e4 e5 2. Nf3 Nc6 3. Bc4 Bc5 4. Nc3 d6 5. d3 h6 6. Be3 Bb6 7. h3 Nf6 8. Nh2
Be6 9. Bb3 Qd7 10. Ba4 O-O-O 11. Bxb6 axb6 12. Nf3 Qe8 13. Ne2 Bd7 14. Bxc6
Bxc6 15. c4 b5 16. b3 Nh7 17. a4 bxa4 18. bxa4 Bxa4 19. Rxa4 Kd7 20. Nc3 g5 21.
Nd5 c6 22. Ne3 Qe6 23. Nf5 Rhg8 24. Qb3 Kc7 25. Ra7 Rb8 26. O-O h5 27. Rb1 Nf6
28. Qb6+ Kc8 29. Rxb7 Rxb7 30. Qxb7+ Kd8 31. Qb8+ Kd7 32. Rb7# 1-0

[Event "Ä11Ï"]
[Site "Loo"]
[Date "2017.04.23"]
[Round "4.23"]
[White "Êîçëîâà, Àíàñòàñèÿ."]
[Black "Àáðàìîâà, Ñîôèÿ."]
[Result "0-1"]
[WhiteElo "1264"]
[BlackElo "1117"]
[PlyCount "96"]
[EventDate "2017.04.20"]

1. e4 e6 2. d4 d5 3. e5 c5 4. c3 Nc6 5. Nf3 Qb6 6. Be2 cxd4 7. cxd4 Nge7 8. Bd3
Bd7 9. Bc2 g6 10. O-O Bg7 11. Nc3 O-O 12. Bd2 Nxd4 13. Be3 Nxf3+ 14. Qxf3 Qxb2
15. Ba4 Qxc3 16. Bxd7 Qxe5 17. Bc5 Qc7 18. Bxe7 Qxd7 19. Bxf8 Bxa1 20. Bh6 Bg7
21. Bxg7 Kxg7 22. Qc3+ f6 23. Rc1 Re8 24. Qa5 b6 25. Qc3 d4 26. Qc7 Re7 27.
Qxd7 Rxd7 28. Kf1 e5 29. Ke2 e4 30. Rd1 d3+ 31. Kd2 f5 32. g3 Kf6 33. Ke3 g5
34. h3 d2 35. Rxd2 Rxd2 36. Kxd2 Ke5 37. Ke3 f4+ 38. gxf4+ gxf4+ 39. Ke2 Kd4
40. Kd2 e3+ 41. fxe3+ fxe3+ 42. Ke2 Ke4 43. h4 h5 44. Ke1 Kd3 45. a3 e2 46. a4
a6 47. Kf2 Kd2 48. a5 e1=Q+ 0-1

[Event "Ä11Ï"]
[Site "Loo"]
[Date "2017.04.23"]
[Round "4.25"]
[White "Íîâîñåëîâà, Ñâåòëàíà."]
[Black "Æóðàâëåâà, Âåðîíèêà."]
[Result "1-0"]
[WhiteElo "1229"]
[BlackElo "1084"]
[PlyCount "87"]
[EventDate "2017.04.20"]

1. d4 f5 2. c4 e6 3. g3 Nf6 4. Bg2 d5 5. Nf3 Bd6 6. Nbd2 c6 7. O-O O-O 8. Ne5
b6 9. Rb1 a5 10. a3 Bb7 11. b4 axb4 12. axb4 Nbd7 13. Nxd7 Qxd7 14. c5 Bc7 15.
f4 Ne4 16. Qc2 Ba6 17. Re1 Bd8 18. e3 Rb8 19. Ra1 Bb5 20. Bf1 bxc5 21. bxc5 Bf6
22. Bb2 Rb7 23. Bxb5 Rxb5 24. Ra2 Rfb8 25. Rea1 Qc8 26. Bc3 h6 27. Nxe4 dxe4
28. g4 g5 29. h3 gxf4 30. exf4 Qc7 31. Qd2 Bh4 32. Kg2 Rd8 33. Ba5 Qc8 34. Bxd8
Bxd8 35. Kf1 Qd7 36. Ra7 Rb7 37. Rxb7 Qxb7 38. gxf5 exf5 39. Qa2+ Kh8 40. Qg2
Qb5+ 41. Kg1 Qd3 42. Kh1 Qxd4 43. Rg1 Qxg1+ 44. Qxg1 1-0

[Event "Ä11Ï"]
[Site "Loo"]
[Date "2017.04.23"]
[Round "4.26"]
[White "Ðàñïàåâà, Äàðüÿ."]
[Black "Äîðîôååâà, Àííà."]
[Result "1-0"]
[WhiteElo "1157"]
[BlackElo "1009"]
[PlyCount "69"]
[EventDate "2017.04.20"]

1. e4 e6 2. d4 d5 3. Nd2 c5 4. c3 Nc6 5. Ne2 Nf6 6. e5 Nd7 7. Nf3 f6 8. exf6
Nxf6 9. Bf4 Bd6 10. Rc1 Bxf4 11. Nxf4 Qd6 12. Nd3 c4 13. Nde5 O-O 14. g3 Bd7
15. Bg2 Rac8 16. O-O Be8 17. Qc2 Bh5 18. Rfe1 Nd7 19. Ng5 Nf6 20. g4 h6 21.
gxh5 hxg5 22. h6 gxh6 23. Qg6+ Kh8 24. Qxh6+ Nh7 25. Ng6+ Kg8 26. Nxf8 Rxf8 27.
Rxe6 Qd7 28. Rg6+ Kh8 29. Rxg5 Qf7 30. Kh1 Ne7 31. Qh5 Qxf2 32. Rf1 Qxf1+ 33.
Bxf1 Rxf1+ 34. Kg2 Ra1 35. Qe8+ 1-0

[Event "Ä11Â"]
[Site "Loo"]
[Date "2017.04.23"]
[Round "4.1"]
[White "Ìèõååâà, Ãàëèíà."]
[Black "Ïîëÿòî, Èðèíà."]
[Result "0-1"]
[WhiteElo "1569"]
[BlackElo "1475"]
[PlyCount "128"]
[EventDate "2017.04.20"]

1. e4 c6 2. d4 d5 3. e5 Bf5 4. h4 h5 5. c4 e6 6. Nc3 a6 7. a4 Bb4 8. Qb3 Qb6 9.
Be3 Nd7 10. Be2 Ne7 11. Nh3 Bxh3 12. Rxh3 Nf5 13. Rd1 Nxe3 14. fxe3 Qa5 15. Kf2
dxc4 16. Bxc4 Nb6 17. Ra1 Nxc4 18. Qxc4 Bxc3 19. Qxc3 Qxc3 20. bxc3 b5 21. Rhh1
Kd7 22. Ke2 Rhb8 23. axb5 cxb5 24. Ra5 Rb6 25. Rf1 Ke7 26. Rfa1 Kd8 27. Kd3 Kc7
28. R5a2 Rc6 29. Rf1 Rf8 30. Raf2 a5 31. Rxf7+ Rxf7 32. Rxf7+ Kb6 33. Rf1 b4
34. cxb4 axb4 35. Rb1 Kb5 36. e4 Rc3+ 37. Kd2 Rc8 38. Re1 b3 39. d5 Kb4 40. Rc1
Rd8 41. d6 b2 42. Rb1 Kb3 43. Kd3 Ka2 44. Rd1 b1=Q+ 45. Rxb1 Kxb1 46. Kc4 Kc2
47. Kc5 Kd3 48. Kc6 Kxe4 49. Kc7 Rg8 50. Kd7 Kxe5 51. Ke7 Ra8 52. d7 Kf5 53.
d8=Q Rxd8 54. Kxd8 e5 55. Kd7 e4 56. Kd6 e3 57. Kc5 e2 58. Kc4 e1=Q 59. g4+ Ke4
60. gxh5 Qc1+ 61. Kb5 Kd5 62. Kb4 Qb2+ 63. Ka5 Kc5 64. h6 Qb5# 0-1

[Event "Ä11Â"]
[Site "Loo"]
[Date "2017.04.23"]
[Round "4.2"]
[White "Øóáåíêîâà, Âåðîíèêà."]
[Black "Ïëåùåâà, Äàðüÿ."]
[Result "1-0"]
[WhiteElo "1515"]
[BlackElo "1165"]
[PlyCount "103"]
[EventDate "2017.04.20"]

1. Nf3 Nf6 2. c4 g6 3. Nc3 Bg7 4. d4 d6 5. e4 Bg4 6. Be2 O-O 7. O-O Re8 8. Be3
Bxf3 9. Bxf3 e5 10. d5 c6 11. Qd2 cxd5 12. cxd5 Nbd7 13. Rac1 Nb6 14. Nb5 Re7
15. Qb4 Rd7 16. Nxa7 Nc8 17. Nxc8 Rxc8 18. Rxc8 Qxc8 19. Bg5 Rd8 20. Rc1 Qd7
21. Qc4 b5 22. Qc6 Qa7 23. a3 Qb8 24. Qc7 Qxc7 25. Rxc7 h6 26. Be3 Rb8 27. Kf1
b4 28. a4 Ra8 29. b3 Rb8 30. Rc4 g5 31. h3 Nd7 32. Bg4 Nf6 33. Bf5 Rb7 34. Bd2
Nd7 35. Bxd7 Rxd7 36. Rxb4 Rc7 37. Rc4 Rb7 38. b4 Ra7 39. b5 Rb7 40. Be3 Rb8
41. b6 Kh7 42. a5 Bf6 43. a6 Bd8 44. b7 Bf6 45. Rc8 Rxc8 46. bxc8=Q Kg7 47. a7
h5 48. a8=Q Kg6 49. Qf5+ Kg7 50. Bxg5 Bxg5 51. Qxg5+ Kh7 52. Qag8# 1-0

[Event "Ä11Â"]
[Site "Loo"]
[Date "2017.04.23"]
[Round "4.3"]
[White "Ìàêîãîí, Åëåíà."]
[Black "Ôåäîðîâà, Îëåñÿ."]
[Result "0-1"]
[WhiteElo "1374"]
[BlackElo "1414"]
[PlyCount "120"]
[EventDate "2017.04.20"]

1. d4 d5 2. c4 dxc4 3. e3 e5 4. Nf3 exd4 5. Qxd4 Qxd4 6. Nxd4 Bb4+ 7. Bd2 Bxd2+
8. Nxd2 Bd7 9. Bxc4 Nf6 10. Nb5 Bxb5 11. Bxb5+ c6 12. Bd3 O-O 13. Ne4 Nxe4 14.
Bxe4 Nd7 15. O-O-O Nf6 16. Bf3 Rfd8 17. h4 Kf8 18. h5 h6 19. g4 Ke7 20. Kc2 Rd7
21. Rxd7+ Nxd7 22. Be2 Rd8 23. Rd1 b5 24. f4 a5 25. Bf3 Rc8 26. Rd3 c5 27. Ra3
a4 28. Bb7 Rb8 29. Bc6 Nf6 30. Bf3 c4 31. b3 cxb3+ 32. axb3 axb3+ 33. Kxb3 Kd6
34. Ra6+ Ke7 35. Kb4 Ne8 36. Ra7+ Ke6 37. Rb7 Rxb7 38. Bxb7 Nd6 39. Bc6 f6 40.
Bxb5 Nxb5 41. Kxb5 Kd5 42. Kb6 Ke4 43. Kc5 Kxe3 44. f5 Kf4 45. Kd4 Kxg4 46. Ke4
Kxh5 47. Kf4 Kh4 48. Ke4 Kg4 49. Ke3 Kxf5 50. Kf3 h5 51. Kg3 Kg5 52. Kh3 Kf4
53. Kh4 g5+ 54. Kh3 Kf3 55. Kh2 Kf2 56. Kh1 g4 57. Kh2 g3+ 58. Kh3 g2 59. Kh4
g1=Q 60. Kxh5 Qg5# 0-1

[Event "Ä11Â"]
[Site "Loo"]
[Date "2017.04.23"]
[Round "4.4"]
[White "Ñâåðãèíà, Ñîôüÿ."]
[Black "Êîìèññàðîâà, Ñîéæèíà."]
[Result "1-0"]
[WhiteElo "1228"]
[BlackElo "1404"]
[PlyCount "109"]
[EventDate "2017.04.20"]

1. e4 c5 2. Nf3 e6 3. d4 cxd4 4. Nxd4 a6 5. Nc3 d6 6. Be3 Nf6 7. Bd3 Be7 8. f3
O-O 9. Qd2 Nc6 10. O-O-O Nxd4 11. Bxd4 b5 12. g4 b4 13. Ne2 Qc7 14. Kb1 Bb7 15.
h4 Rfc8 16. h5 e5 17. Be3 a5 18. g5 Ne8 19. g6 Ba6 20. Rc1 Bxd3 21. cxd3 Qb7
22. Rxc8 Rxc8 23. Rc1 Rxc1+ 24. Qxc1 hxg6 25. hxg6 fxg6 26. Qc4+ Kf8 27. d4 Nf6
28. d5 Bd8 29. Kc2 Qc7 30. Qxc7 Bxc7 31. Kb3 Ke7 32. Ka4 Kd7 33. Kb5 g5 34.
Bxg5 Ne8 35. a3 bxa3 36. bxa3 Kc8 37. Kc6 g6 38. Be7 Bb8 39. Nc3 Ba7 40. Nb5
Be3 41. Nxd6+ Nxd6 42. Kxd6 Bd4 43. Bf6 Bb2 44. a4 Ba3+ 45. Kxe5 Bb2+ 46. Ke6
Bc1 47. d6 g5 48. d7+ Kb7 49. d8=Q Bd2 50. Bd4 Bf4 51. e5 Bxe5 52. Bxe5 g4 53.
Qc7+ Ka6 54. Bd4 g3 55. Qb6# 1-0

[Event "Ä11Â"]
[Site "Loo"]
[Date "2017.04.23"]
[Round "4.5"]
[White "Êëåéìåíîâà, Âàëåðèÿ."]
[Black "Áûêîâñêèõ, Åêàòåðèíà."]
[Result "1-0"]
[WhiteElo "1465"]
[BlackElo "1308"]
[PlyCount "67"]
[EventDate "2017.04.20"]

1. d4 d5 2. f4 Nf6 3. e3 Nbd7 4. c3 e6 5. Nf3 Be7 6. Bd3 b6 7. O-O O-O 8. Nbd2
Bb7 9. Qe1 c5 10. Ne5 c4 11. Bc2 Rc8 12. e4 b5 13. Qe2 Qc7 14. Nxd7 Nxd7 15. e5
Qb6 16. a3 a5 17. Nf3 b4 18. axb4 axb4 19. Bd2 b3 20. Bb1 Ra8 21. Rxa8 Rxa8 22.
f5 exf5 23. Bxf5 Qc6 24. e6 Nf6 25. exf7+ Kxf7 26. Ne5+ Kf8 27. Nxc6 Bxc6 28.
Bxh7 Be8 29. Bg5 Bf7 30. Bxf6 Bxf6 31. Qd2 Re8 32. Re1 Ra8 33. Qf4 Rd8 34. g4
1-0

[Event "Ä11Â"]
[Site "Loo"]
[Date "2017.04.23"]
[Round "4.6"]
[White "Îëåñê, Êàìèëëà."]
[Black "Øâåäîâà, Àëåêñàíäðà."]
[Result "1/2-1/2"]
[WhiteElo "1358"]
[BlackElo "1522"]
[PlyCount "98"]
[EventDate "2017.04.20"]

1. e4 e5 2. Nf3 Nc6 3. Bb5 Nf6 4. d3 d6 5. c3 g6 6. O-O Bg7 7. Nbd2 O-O 8. Re1
a6 9. Ba4 b5 10. Bb3 Na5 11. Bc2 c5 12. Nf1 Be6 13. h3 h6 14. Be3 Nc6 15. Qd2
Kh7 16. a3 c4 17. d4 Bd7 18. d5 Ne7 19. Ng3 Nfg8 20. Qe2 f5 21. exf5 Nxf5 22.
Nxf5 Bxf5 23. Rac1 Ne7 24. Red1 Bxc2 25. Rxc2 Nf5 26. Rf1 Qf6 27. Nh2 Qf7 28.
Qd2 Rae8 29. Ng4 e4 30. f3 h5 31. fxe4 Rxe4 32. Nh6 Bxh6 33. Bxh6 Rfe8 34. Bf4
Re2 35. Qd1 Rxc2 36. Qxc2 Qxd5 37. Qf2 Qe6 38. Qa7+ Qe7 39. Qxa6 Qd7 40. Ra1
Re2 41. Rb1 Ne3 42. Bxe3 Rxe3 43. a4 bxa4 44. Qxc4 d5 45. Qd4 Re4 46. Qd3 Qe6
47. Qg3 Qb6+ 48. Qf2 Qc7 49. Rf1 Qe5 1/2-1/2

[Event "Ä11Â"]
[Site "Loo"]
[Date "2017.04.23"]
[Round "4.7"]
[White "Çàéöåâà, Äàðüÿ."]
[Black "Ôðîëîâà, Àëèêà."]
[Result "0-1"]
[WhiteElo "1348"]
[BlackElo "1442"]
[PlyCount "56"]
[EventDate "2017.04.20"]

1. d4 d5 2. c4 c6 3. cxd5 cxd5 4. Nc3 e5 5. dxe5 d4 6. Ne4 Qa5+ 7. Nd2 Nc6 8.
Ngf3 Bg4 9. g3 Bxf3 10. exf3 Qxe5+ 11. Qe2 Qxe2+ 12. Bxe2 Nf6 13. Ne4 Be7 14.
b3 O-O 15. O-O Nxe4 16. fxe4 Bf6 17. Bd3 Nb4 18. Rd1 Rac8 19. Ba3 a5 20. Bxb4
axb4 21. Bc4 Rfd8 22. f4 Rc5 23. e5 Be7 24. Rd3 b5 25. Bxf7+ Kxf7 26. Rad1 Rc2
27. Rxd4 Rxd4 28. Rxd4 Bc5 0-1

[Event "Ä11Â"]
[Site "Loo"]
[Date "2017.04.23"]
[Round "4.8"]
[White "Êîðîâèíà, ßíà."]
[Black "Ñóäàðêèíà, Åêàòåðèíà."]
[Result "1/2-1/2"]
[WhiteElo "1416"]
[BlackElo "1292"]
[PlyCount "96"]
[EventDate "2017.04.20"]

1. e4 d5 2. exd5 Nf6 3. Nf3 Nxd5 4. d4 Nc6 5. c4 Nf6 6. Nc3 e6 7. Be3 Bd6 8.
Bd3 O-O 9. O-O Nb4 10. Bb1 Nc6 11. a3 a5 12. Qd3 Re8 13. Bg5 g6 14. Ne4 Be7 15.
Bxf6 Bxf6 16. Nxf6+ Qxf6 17. Qd2 Bd7 18. Re1 a4 19. Bc2 Ne7 20. Rad1 Bc6 21.
Ne5 b6 22. Nxc6 Nxc6 23. Be4 e5 24. dxe5 Rxe5 25. Qc3 Rae8 26. f4 R5e6 27. Qxf6
Rxf6 28. Bxc6 Rxe1+ 29. Rxe1 Rxc6 30. Re4 Rd6 31. c5 Rd1+ 32. Kf2 Rd2+ 33. Kf3
Rxb2 34. cxb6 cxb6 35. Rxa4 Kg7 36. Rb4 Rxb4 37. axb4 Kf6 38. Ke4 Ke6 39. Kd4
Kd6 40. Kc4 Kc6 41. b5+ Kd6 42. Kd4 f6 43. h4 h5 44. Kc4 f5 45. Kd4 Ke6 46. g3
Kd6 47. Kc4 Ke6 48. Kd4 Kd6 1/2-1/2

[Event "Ä11Â"]
[Site "Loo"]
[Date "2017.04.23"]
[Round "4.10"]
[White "Ìàéêîâåö, ßíà."]
[Black "Ïøåâñêàÿ, ßíà."]
[Result "1-0"]
[WhiteElo "1401"]
[BlackElo "1345"]
[PlyCount "61"]
[EventDate "2017.04.20"]

1. d4 e6 2. c4 c5 3. d5 exd5 4. cxd5 d6 5. e4 g6 6. Nc3 a6 7. a4 b6 8. Bd3 Bg7
9. h3 Bb7 10. Nf3 Qc7 11. Qe2 Nd7 12. Nd2 Ne5 13. Bc2 Nf6 14. f4 Ned7 15. Nc4
Rb8 16. Bd3 Nh5 17. Qf3 Bc8 18. Na3 Bd4 19. g4 Bxc3+ 20. bxc3 Nhf6 21. O-O O-O
22. c4 Re8 23. Bb2 Qd8 24. Bc2 Kf8 25. Rae1 Ke7 26. e5 Ng8 27. exd6+ Kxd6 28.
f5 Rxe1 29. Rxe1 Kc7 30. d6+ Kxd6 31. Qf4+ 1-0

[Event "Ä11Â"]
[Site "Loo"]
[Date "2017.04.23"]
[Round "4.11"]
[White "Àëåøèíà, Àðèíà."]
[Black "Øóõìàí, Àííà."]
[Result "1-0"]
[WhiteElo "1391"]
[BlackElo "1308"]
[PlyCount "105"]
[EventDate "2017.04.20"]

1. e4 c5 2. Nf3 e6 3. b3 d6 4. Bb2 Nf6 5. d3 Nc6 6. c4 Be7 7. Be2 O-O 8. O-O
Nd7 9. d4 Bf6 10. Qd2 Qb6 11. dxc5 dxc5 12. Bxf6 Nxf6 13. Bd3 Qc7 14. Nc3 a6
15. Rad1 b6 16. Rfe1 Ne5 17. Nxe5 Qxe5 18. f4 Qd4+ 19. Kh1 Ng4 20. Re2 Rd8 21.
h3 Nf6 22. Qc2 e5 23. Ree1 Qd6 24. Be2 Qe7 25. Rxd8+ Qxd8 26. fxe5 Nd7 27. Rd1
Qe7 28. Nd5 Qxe5 29. Nxb6 Nf8 30. Nxa8 Qb8 31. Rd8 Qxa8 32. Bg4 Qc6 33. Rxc8
Qf6 34. Qd3 g6 35. Qd8 Qf1+ 36. Kh2 Qf4+ 37. Kg1 Qe3+ 38. Kf1 Qc1+ 39. Qd1 Qf4+
40. Bf3 Qe3 41. Qe2 Qd4 42. e5 Qa1+ 43. Kf2 Qd4+ 44. Qe3 Qb2+ 45. Be2 Kg7 46.
Rxc5 Ne6 47. Rd5 Qc2 48. Rd2 Qf5+ 49. Bf3 Ng5 50. h4 Ne6 51. Qe4 Qf4 52. Qxf4
Nxf4 53. c5 1-0

[Event "Ä11Â"]
[Site "Loo"]
[Date "2017.04.23"]
[Round "4.12"]
[White "Êàðìàíîâà, Îëüãà."]
[Black "Âèøíÿêîâà, Àëèñèÿ."]
[Result "1-0"]
[WhiteElo "1299"]
[BlackElo "1370"]
[PlyCount "121"]
[EventDate "2017.04.20"]

1. e4 e6 2. Nf3 d5 3. Nc3 c5 4. exd5 exd5 5. d4 Nf6 6. Bg5 Be6 7. Bb5+ Nc6 8.
Ne5 Rc8 9. Bf4 Qb6 10. dxc5 Bxc5 11. Qe2 a6 12. Bxc6+ bxc6 13. Nd3 Bd4 14. O-O
O-O 15. Rab1 Bg4 16. Qd2 Rfe8 17. Na4 Qa7 18. Nc3 Ne4 19. Nxe4 Rxe4 20. Bg3
Rce8 21. Nb4 Qb6 22. c3 Bf6 23. Kh1 Re2 24. Rfe1 h6 25. Rxe2 Rxe2 26. Qd3 Re8
27. Qxa6 Qxa6 28. Nxa6 Bf5 29. Rc1 Re2 30. Nb4 Rxb2 31. Nxc6 Bxc3 32. Ne7+ Kh7
33. Nxf5 Rxa2 34. h3 d4 35. Be5 f6 36. Bxd4 Bxd4 37. Nxd4 Rxf2 38. Rc7 Rf1+ 39.
Kh2 Kg8 40. Ne6 g5 41. Rg7+ Kh8 42. Rg6 Kh7 43. Rg7+ Kh8 44. Rc7 h5 45. Rf7 Rf5
46. Ng7 Kg8 47. Rc7 Re5 48. Nxh5 Re6 49. Rg7+ Kf8 50. Rg6 Kf7 51. Rh6 Ke7 52.
Rh7+ Kf8 53. Rg7 Re7 54. Rg6 Re6 55. Rxf6+ Rxf6 56. Nxf6 Kf7 57. Ne4 Kg6 58.
Kg3 Kf5 59. Kf3 Kg6 60. Kg4 Kh6 61. Nxg5 1-0

[Event "Ä11Â"]
[Site "Loo"]
[Date "2017.04.23"]
[Round "4.13"]
[White "Èñòîìèíà, Âàëåðèÿ."]
[Black "Ëåçèíà, Àííà."]
[Result "1-0"]
[WhiteElo "1364"]
[BlackElo "1325"]
[PlyCount "79"]
[EventDate "2017.04.20"]

1. e4 e6 2. d4 d5 3. Nd2 Nf6 4. e5 Nfd7 5. Ngf3 c5 6. c3 Nc6 7. Bb5 cxd4 8.
Bxc6 bxc6 9. cxd4 f6 10. O-O fxe5 11. Nxe5 Nxe5 12. dxe5 Qc7 13. Nf3 Be7 14.
Re1 O-O 15. Qc2 Bd7 16. Bg5 Bb4 17. Bd2 Bxd2 18. Qxd2 Be8 19. Rac1 Rc8 20. Nd4
Qd7 21. Rc5 Kf7 22. Rec1 Qb7 23. Qc2 g6 24. b3 Qa6 25. a4 Qb7 26. Qd2 Bd7 27.
b4 a6 28. Qc3 a5 29. bxa5 Qa6 30. h3 Rfe8 31. Rb1 Rc7 32. Rb6 Qa8 33. a6 Rcc8
34. Qb4 Qa7 35. a5 h6 36. Qb3 g5 37. Qf3+ Kg8 38. Qf6 Rb8 39. Rxb8 Qxb8 40.
Qxh6 1-0

[Event "Ä11Â"]
[Site "Loo"]
[Date "2017.04.23"]
[Round "4.14"]
[White "Ìèõàéëèíà, Îëüãà."]
[Black "Ìîíãóø, Ìèëåíà."]
[Result "0-1"]
[WhiteElo "1274"]
[BlackElo "1421"]
[PlyCount "72"]
[EventDate "2017.04.20"]

1. e4 d5 2. exd5 Nf6 3. Nf3 c6 4. dxc6 Nxc6 5. Bc4 Bg4 6. b4 e6 7. c3 Bd6 8.
Na3 a6 9. Nc2 Ne5 10. Be2 Bxf3 11. Bxf3 Nd3+ 12. Ke2 Nf4+ 13. Ke1 Qb6 14. d4
N6d5 15. Bxd5 Nxd5 16. Bd2 O-O 17. c4 Nxb4 18. c5 Nd3+ 19. Ke2 Qb5 20. Rb1 Nf4+
21. Kf3 Qc6+ 22. Ke3 Nxg2+ 23. Kd3 Bxc5 24. dxc5 Rfd8+ 25. Kc3 Qxc5+ 26. Kb2 a5
27. Rf1 b5 28. Qc1 Rac8 29. Ne3 Qb6 30. Bc3 b4 31. Nxg2 Rxc3 32. Qg5 Rdc8 33.
Rbc1 Rxc1 34. Rxc1 Qxf2+ 35. Kb1 Rxc1+ 36. Qxc1 Qf5+ 0-1

[Event "Ä11Â"]
[Site "Loo"]
[Date "2017.04.23"]
[Round "4.15"]
[White "Ãóðãåíèäçå, Àëåêñàíäðà."]
[Black "Ïÿïèåâà, Àéëàíà."]
[Result "1-0"]
[WhiteElo "1433"]
[BlackElo "1250"]
[PlyCount "61"]
[EventDate "2017.04.20"]

1. e4 c5 2. Nf3 d6 3. d4 cxd4 4. Qxd4 Nc6 5. Bb5 Bd7 6. Bxc6 Bxc6 7. Nc3 e5 8.
Qd3 Nf6 9. Bg5 Be7 10. O-O-O Ng4 11. Bxe7 Qxe7 12. Rhf1 O-O-O 13. Nb5 Bxb5 14.
Qxb5 Qc7 15. Rd3 Kb8 16. Rb3 Rd7 17. h3 Nf6 18. Rd1 Nxe4 19. Nxe5 Rdd8 20. Nc6+
Ka8 21. Nxd8 Rxd8 22. f3 Nf6 23. g4 h6 24. g5 Ng8 25. gxh6 Nxh6 26. Re1 Qc8 27.
Re7 b6 28. Rxa7+ Kxa7 29. Qxb6+ Ka8 30. Qa5+ Qa6 31. Qxa6# 1-0

[Event "Ä11Â"]
[Site "Loo"]
[Date "2017.04.23"]
[Round "4.16"]
[White "Áóâàéëîâà, Ïîëèíà."]
[Black "Ôèëàòîâà, Ñîôüÿ."]
[Result "0-1"]
[WhiteElo "1304"]
[BlackElo "1401"]
[PlyCount "140"]
[EventDate "2017.04.20"]

1. d4 d5 2. Nf3 Nf6 3. e3 Nc6 4. a3 Bf5 5. Nh4 Bd7 6. Bd3 e6 7. Nf3 Bd6 8. O-O
O-O 9. b3 e5 10. dxe5 Nxe5 11. Be2 c6 12. Bb2 Qc7 13. Bxe5 Bxe5 14. Nxe5 Qxe5
15. Nd2 Qg5 16. Nf3 Qh6 17. Ne5 Bf5 18. Ng4 Qg6 19. Nxf6+ gxf6 20. Bd3 Kh8 21.
Bxf5 Qxf5 22. Qd3 Qh5 23. Qd4 Qh6 24. Rac1 Rfd8 25. c4 dxc4 26. Qxc4 Qg6 27.
Qc2 Qg5 28. g3 Qg6 29. Rfd1 Kg7 30. Rxd8 Rxd8 31. Qe2 Rd3 32. Rc4 Kh8 33. Rg4
Qf5 34. Rf4 Qd5 35. Rd4 Rxd4 36. exd4 Qxd4 37. Qa2 Kg7 38. Kf1 a5 39. Ke2 Qd5
40. h4 a4 41. Qb2 axb3 42. Ke1 Qe5+ 43. Qxe5 fxe5 44. Kd2 Kf6 45. Kc3 Ke6 46.
Kxb3 Kd5 47. Kc3 b6 48. g4 f6 49. Kd3 c5 50. f3 b5 51. Kc3 h6 52. Kd3 Ke6 53.
Ke4 b4 54. a4 b3 55. Kd3 c4+ 56. Kc3 Kd6 57. Kb2 Kc6 58. Kc3 Kb6 59. Kb2 Ka6
60. Ka3 Ka5 61. h5 Kb6 62. Kb2 Ka6 63. Kc3 Ka5 64. Kb2 Kxa4 65. Kb1 Ka3 66. Ka1
b2+ 67. Kb1 c3 68. g5 fxg5 69. Kc2 Ka2 70. Kxc3 b1=Q 0-1

[Event "Ä11Â"]
[Site "Loo"]
[Date "2017.04.23"]
[Round "4.17"]
[White "Øåâÿêîâà, Àëåíà."]
[Black "Ìóòèíà, Êñåíèÿ."]
[Result "1-0"]
[WhiteElo "1164"]
[BlackElo "1376"]
[PlyCount "69"]
[EventDate "2017.04.20"]

1. e4 e6 2. d4 d5 3. exd5 exd5 4. Nf3 c5 5. Be2 Nf6 6. O-O cxd4 7. Nxd4 Be7 8.
Nc3 O-O 9. Re1 Nc6 10. Bf3 h6 11. a3 Nxd4 12. Qxd4 Be6 13. Bf4 Qd7 14. Rad1
Rfd8 15. Rd2 b6 16. b4 Rac8 17. Red1 Rc4 18. Qxc4 dxc4 19. Rxd7 Bxd7 20. Ne4
Re8 21. h3 Bf5 22. Rd4 b5 23. c3 Bxe4 24. Bxe4 g5 25. Be3 Bd8 26. Bc6 Rf8 27.
Bxb5 Bc7 28. Rxc4 Bb8 29. Rd4 Be5 30. Rd3 Bb8 31. c4 Rc8 32. c5 Bc7 33. g3 Kg7
34. c6 Bb8 35. Rc3 1-0

[Event "Ä11Â"]
[Site "Loo"]
[Date "2017.04.23"]
[Round "4.21"]
[White "Áåëîóñîâà, Ñîôüÿ."]
[Black "Èëüèíà, Ìàðãàðèòà."]
[Result "0-1"]
[WhiteElo "1319"]
[BlackElo "1226"]
[PlyCount "101"]
[EventDate "2017.04.20"]

1. e4 c5 2. Nf3 Nc6 3. Bb5 a6 4. Bxc6 bxc6 5. O-O d6 6. d3 Nf6 7. Nc3 e5 8. Bg5
Be7 9. Qd2 h6 10. Be3 Ng4 11. Rad1 Nxe3 12. fxe3 O-O 13. d4 Bg5 14. dxc5 dxc5
15. Qxd8 Bxd8 16. Nxe5 Bc7 17. Nf3 Bg4 18. h3 Be6 19. Na4 Bc4 20. Rf2 Ba5 21.
b3 Bb5 22. Nxc5 Bb6 23. b4 a5 24. a3 Rfe8 25. Rd4 axb4 26. axb4 Bc7 27. c4 Ba4
28. Nd2 Be5 29. Rd7 f6 30. Nf3 Bc3 31. Nd4 Bxb4 32. Nxa4 Rxa4 33. Nxc6 Rxe4 34.
Rd8+ Kh7 35. Rd7 Bc5 36. Rxf6 Bxe3+ 37. Kh2 Bf4+ 38. Kg1 Ra2 39. Kf1 Bg3 40.
Kg1 Re1+ 41. Rf1 Raa1 42. Rdf7 Bh2+ 43. Kxh2 Rxf1 44. Rxf1 Rxf1 45. Kg3 Rf5 46.
Kg4 Rc5 47. Ne7 Rxc4+ 48. Kf5 Rc2 49. g3 Rf2+ 50. Kg4 g6 51. h4 0-1

[Event "Ä11Â"]
[Site "Loo"]
[Date "2017.04.23"]
[Round "4.22"]
[White "Êóçíåöîâà, Þëèÿ."]
[Black "Äîëèíñêàÿ, Ìàðèÿ."]
[Result "0-1"]
[WhiteElo "1304"]
[BlackElo "1128"]
[PlyCount "82"]
[EventDate "2017.04.20"]

1. e4 e5 2. Nf3 Nc6 3. Bc4 Bc5 4. d3 Nf6 5. Nc3 h6 6. h3 d6 7. a3 a6 8. Be3 O-O
9. O-O Ba7 10. a4 Be6 11. a5 d5 12. exd5 Nxd5 13. Nxd5 Bxd5 14. Bxd5 Qxd5 15.
Ra4 Rfd8 16. Bxa7 Rxa7 17. Re1 Raa8 18. Rc4 Qxa5 19. b4 Qa2 20. Nd2 Qa4 21. Ne4
Qb5 22. Qg4 Kh7 23. Re3 g6 24. Nf6+ Kg7 25. Qh4 Rd6 26. Ne4 Rd4 27. Qf6+ Kg8
28. Rg3 Qd5 29. Rxg6+ fxg6 30. Qxg6+ Kf8 31. Qf6+ Qf7 32. Qh8+ Qg8 33. Qxh6+
Qg7 34. Qh5 Rxc4 35. dxc4 Nxb4 36. Ng5 Ke7 37. Qh4 Kd6 38. Ne4+ Kc6 39. Nc3 Rg8
40. Qe4+ Kd7 41. Qe3 Qxg2# 0-1